Black money and tax havens/ (Record no. 160303)

MARC details
000 -LEADER
fixed length control field 00556nam a22001817a 4500
005 - DATE AND TIME OF LATEST TRANSACTION
control field 20190125131608.0
010 ## - LCCN (DPL NO)
LC control number ENG-124646
020 ## - INTERNATIONAL STANDARD BOOK NUMBER
International Standard Book Number 9789386850072
Terms of availability 350.00
035 ## - SYSTEM CONTROL NUMBER
System control number EN-108178
037 ## - SOURCE OF ACQUISITION
Source of stock number/acquisition DBAD/PUB
082 ## - DEWEY DECIMAL CLASSIFICATION NUMBER
Classification number 364.13380954
100 ## - MAIN ENTRY--PERSONAL NAME
Personal name Vaidyanathan,R
245 ## - TITLE STATEMENT
Title Black money and tax havens/
Statement of responsibility, etc by R.Vaidyanathan
260 ## - PUBLICATION, DISTRIBUTION, ETC. (IMPRINT)
Place of publication, distribution, etc New Delhi
Name of publisher, distributor, etc westland publications ltd
Date of publication, distribution, etc 2017
270 ## - ADDRESS
Address 93,I Floor,Sham Lal Road Daryaganj,
City New Delhi
Postal code 110002
300 ## - PHYSICAL DESCRIPTION
Extent 184p.
Dimensions 24cm.(pbk)
942 ## - ADDED ENTRY ELEMENTS (KOHA)
Source of classification or shelving scheme Dewey Decimal Classification
Item type English Books
Call number suffix VAI
Classification part 364.13380954
Holdings
Withdrawn status Lost status Not for loan Collection code Home library Current library Date acquired Source of acquisition Cost, normal purchase price Full call number Barcode Copy number Cost, replacement price Koha item type
    Not For Loan Non-fiction D.B.Act.Division Patel Nagar 24/01/2019 DBAD/PUB 350.00 364.13380954 VAI EN-108178 1 350.00 English Books

© Delhi Public Library
Hit Counter
free hit counter